<?xml version="1.0" encoding="UTF-8"?>
<record
    xmlns:xsi="http://www.w3.org/2001/XMLSchema-instance"
    xsi:schemaLocation="http://www.loc.gov/MARC21/slim http://www.loc.gov/standards/marcxml/schema/MARC21slim.xsd"
    xmlns="http://www.loc.gov/MARC21/slim">

  <leader>02769cam a22002895a 4500</leader>
  <controlfield tag="001">18039150</controlfield>
  <controlfield tag="005">20151207142241.0</controlfield>
  <controlfield tag="008">140211t2014    wvua   frbd   001 0 eng d</controlfield>
  <datafield tag="020" ind1=" " ind2=" ">
    <subfield code="a">9780071804219 (hardback)</subfield>
  </datafield>
  <datafield tag="020" ind1=" " ind2=" ">
    <subfield code="a">0071804218 (hardback)</subfield>
  </datafield>
  <datafield tag="040" ind1=" " ind2=" ">
    <subfield code="a">DLC</subfield>
    <subfield code="b">eng</subfield>
    <subfield code="c">DLC</subfield>
    <subfield code="d">DLC</subfield>
    <subfield code="d">EG-ScBUE</subfield>
  </datafield>
  <datafield tag="082" ind1="0" ind2="4">
    <subfield code="a">628.167</subfield>
    <subfield code="2">22</subfield>
    <subfield code="b">VOU</subfield>
  </datafield>
  <datafield tag="100" ind1="1" ind2=" ">
    <subfield code="a">Voutchkov, Nikolay.</subfield>
    <subfield code="9">38858</subfield>
  </datafield>
  <datafield tag="245" ind1="1" ind2="0">
    <subfield code="a">Desalination engineering.</subfield>
    <subfield code="p">Operation and maintenance /</subfield>
    <subfield code="c">Nikolay Voutchkov.</subfield>
  </datafield>
  <datafield tag="260" ind1=" " ind2=" ">
    <subfield code="a">Alexandria, Virginia :</subfield>
    <subfield code="b">Wefpress for the water quality professional, Water Environment Federation ;</subfield>
    <subfield code="a">New York :</subfield>
    <subfield code="b">McGraw-Hill Education,</subfield>
    <subfield code="c">c.2014.</subfield>
  </datafield>
  <datafield tag="300" ind1=" " ind2=" ">
    <subfield code="a">xxiv, 307 p. :</subfield>
    <subfield code="b">ill. ;</subfield>
    <subfield code="c">25 cm.</subfield>
  </datafield>
  <datafield tag="500" ind1=" " ind2=" ">
    <subfield code="a">Glossary : p. 287-292.</subfield>
  </datafield>
  <datafield tag="500" ind1=" " ind2=" ">
    <subfield code="a">Index : p. 293-307.</subfield>
  </datafield>
  <datafield tag="504" ind1=" " ind2=" ">
    <subfield code="a">Includes bibliographical references.</subfield>
  </datafield>
  <datafield tag="520" ind1=" " ind2=" ">
    <subfield code="a">"A comprehensive, one-volume engineering reference from the Water Environment Federation and WateReuse Association on desalination plant operation and maintenance..Desalination Engineering: Operation and Maintenance provides a comprehensive one-volume reference on desalination for municipal water supply professionals. This authoritative guide covers key aspects of desalination plant operation, maintenance, and troubleshooting. The focus is on reverse osmosis membrane desalination, which at present is the most widely used technology for production of fresh drinking water from highly saline water sources. This Water Environment Federation and WateReuse Association guide covers state-of-the art operation, maintenance, and monitoring practices associated with each of the key desalination plant facilities--intakes, pretreatment technologies, reverse osmosis equipment, energy recovery, membrane systems, post-treatment processes, and solids handling.... Covers theoretical principles of desalination and their practical application.. Presents a step-by-step approach for operation, maintenance, and troubleshooting of desalination plant treatment components.. Discusses pre-treatment and reverse osmosis.. Each chapter contains case-study examples illustrating various technologies and their practical implementation.. Provides federal and state regulatory agencies with background on the monitoring requirements to determine and prevent potential environmental impacts associated with the discharges from desalination plants and to reduce the impact of their operations on the environment.. Uses International System of Units (SI) with US units in parenthesis where appropriate.."--</subfield>
  </datafield>
  <datafield tag="650" ind1=" " ind2="7">
    <subfield code="a">Solar saline water conversion plants.</subfield>
    <subfield code="2">BUEsh</subfield>
    <subfield code="9">24416</subfield>
  </datafield>
  <datafield tag="650" ind1=" " ind2="7">
    <subfield code="a">Saline water conversion.</subfield>
    <subfield code="2">BUEsh</subfield>
    <subfield code="9">13061</subfield>
  </datafield>
  <datafield tag="653" ind1=" " ind2=" ">
    <subfield code="b">ENGGEN</subfield>
    <subfield code="c">August2015</subfield>
    <subfield code="c">December2015</subfield>
  </datafield>
  <datafield tag="710" ind1="2" ind2=" ">
    <subfield code="a">Water Environment Federation.</subfield>
  </datafield>
  <datafield tag="710" ind1="2" ind2=" ">
    <subfield code="a">WateReuse Association.</subfield>
  </datafield>
  <datafield tag="942" ind1=" " ind2=" ">
    <subfield code="2">ddc</subfield>
  </datafield>
  <datafield tag="999" ind1=" " ind2=" ">
    <subfield code="c">20647</subfield>
    <subfield code="d">20619</subfield>
  </datafield>
  <datafield tag="952" ind1=" " ind2=" ">
    <subfield code="0">0</subfield>
    <subfield code="1">0</subfield>
    <subfield code="2">ddc</subfield>
    <subfield code="4">0</subfield>
    <subfield code="7">0</subfield>
    <subfield code="8">Baccah</subfield>
    <subfield code="a">MAIN</subfield>
    <subfield code="b">MAIN</subfield>
    <subfield code="c">1ST</subfield>
    <subfield code="d">2015-08-19</subfield>
    <subfield code="e">Purchase</subfield>
    <subfield code="g">1000.00</subfield>
    <subfield code="h">21761</subfield>
    <subfield code="l">4</subfield>
    <subfield code="m">7</subfield>
    <subfield code="o">628.167 VOU</subfield>
    <subfield code="p">000039718</subfield>
    <subfield code="r">2025-07-15 00:00:00</subfield>
    <subfield code="s">2023-10-08</subfield>
    <subfield code="v">1250.00</subfield>
    <subfield code="y">BB</subfield>
  </datafield>
</record>
